000 00397nam a2200169Ia 4500
001 3349
003 IN-NITTTR
005 20251114232947.0
008 251113s9999||||xx |||||||||||||| ||eng||
040 _beng
040 _cIN-NITTTR
041 _aeng
082 _a155.4 M971P
100 _aMussen, Paul
245 4 _aThe psychological development of the child /
_cMussen, Paul
942 _2ddc
_cBK
999 _c5676
_d5676